Marketing obchodu ako integrálna súčasť upevňovania vzťahov so zákazníkmi

Marketing obchodu a jeho význam pre upevňovanie vzťahov so zákazníkmi. Kvalitatívnym aspektom marketingu obchodu je uplatnenie špeciálneho marketingu obchodu, tzv. marketingu maloobchodu, resp. shopper marketingu. Marketing obchodu a maloobchodu využívajú z pohľadu kupujúceho, resp. spotrebiteľa mar...

Descrizione completa

Salvato in:
Dettagli Bibliografici
Autore principale: Francová, Zuzana, 1971-
Altri autori: Tajtáková, Mária
Natura: Capitolo di libro
Lingua:slovacco
Soggetti:
Tags: Aggiungi Tag
Nessun Tag, puoi essere il primo ad aggiungerne!!

MARC

LEADER 00000naa$a2200000$$$4500
001 0102909
005 20240502072121.7
041 0 |a slo 
044 |a SK 
245 1 0 |a Marketing obchodu ako integrálna súčasť upevňovania vzťahov so zákazníkmi  |c Zuzana Francová, Mária Tajtáková 
520 |a Marketing obchodu a jeho význam pre upevňovanie vzťahov so zákazníkmi. Kvalitatívnym aspektom marketingu obchodu je uplatnenie špeciálneho marketingu obchodu, tzv. marketingu maloobchodu, resp. shopper marketingu. Marketing obchodu a maloobchodu využívajú z pohľadu kupujúceho, resp. spotrebiteľa marketingové inštrumentárium, ktoré je charakteristické rôznym počtom nástrojov a špecifickým zameraním. 
610 2 0 |a obchod 
610 2 0 |a maloobchod 
610 2 0 |a marketing 
610 2 0 |a nástroje marketingové 
610 2 0 |a spotrebitelia 
100 1 |a Francová, Zuzana, 1971- 
700 1 |a Tajtáková, Mária